Score 0/16 Timer 05:00
4 Plays Today
% Correct
Meatloaf
93.4%
Sloppy Joe
92.5%
Chilli con carne
91.4%
Beef Wellington
86.7%
Beef Stroganoff
83.3%
Bitterballen
83.1%
Mince and tatties
80.3%
Steak tartare
76.1%
% Correct
Goulash
71.8%
Chateaubriand
66.8%
Shabu shabu
63%
Pho bo
58.5%
Yukgaejang
57.5%
Tafelspitz
55.6%
Rocky Mountain oysters
51.9%
Beef rendang
47.2%
Remove Ads.
Support Sporcle.
Get the best of Sporcle when you Go Orange. This ad-free experience offers more features, more stats, and more fun while also helping to support Sporcle. Thank you for becoming a member.

You're not logged in!

Compare scores with friends on all Sporcle quizzes.
OR
Log In

Show Comments

Extras

Top Quizzes Today


Score Distribution

Your Account Isn't Verified!

In order to create a playlist on Sporcle, you need to verify the email address you used during registration. Go to your Sporcle Settings to finish the process.

Report this User

Report this user for behavior that violates our Community Guidelines.

Details: